Catálogo
 En Linea

Yo soy del Ocho, ¿y qué? / (Registro nro. 50057)

Detalles MARC
000 -CABECERA
campo de control de longitud fija 01333nam a22002417a 4500
003 - IDENTIFICADOR DEL NÚMERO DE CONTROL
campo de control DO-SdBNP
005 - FECHA Y HORA DE LA ÚLTIMA TRANSACCIÓN
campo de control 20211122100828.0
007 - CAMPO FIJO DE DESCRIPCIÓN FÍSICA--INFORMACIÓN GENERAL
campo de control de longitud fija ta
008 - DATOS DE LONGITUD FIJA--INFORMACIÓN GENERAL
campo de control de longitud fija 210706b 2018 dr 00| 0 eng d
020 ## - NÚMERO INTERNACIONAL ESTÁNDAR DEL LIBRO
Número Internacional Estándar del Libro 9789945609820
040 ## - FUENTE DE LA CATALOGACIÓN
Centro catalogador/agencia de origen DO-SdBNP
Lengua de catalogación spa
Centro/agencia transcriptor BNPHU
082 #4 - NÚMERO DE LA CLASIFICACIÓN DECIMAL DEWEY
Número de documento/Ítem I43y
100 1# - ENTRADA PRINCIPAL--NOMBRE DE PERSONA
Nombre de persona Infante, Martha,
Fechas asociadas al nombre 1968-
9 (RLIN) 79110
245 10 - MENCIÓN DE TÍTULO
Título Yo soy del Ocho, ¿y qué? /
Mención de responsabilidad, etc. Martha María Infante Payano.
260 ## - PUBLICACIÓN, DISTRIBUCIÓN, ETC.
Lugar de publicación, distribución, etc. Santo Domingo :
Nombre del editor, distribuidor, etc. Santuario,
Fecha de publicación, distribución, etc. 2018.
300 ## - DESCRIPCIÓN FÍSICA
Extensión 133 p. :
Dimensiones 23 cm.
500 ## - NOTA GENERAL
Nota general Incluye datos biográficos de la autora en la solapa de la cubierta.
505 0# - NOTA DE CONTENIDO CON FORMATO
Nota de contenido con formato Yo soy del ocho, ¿ Y qué?
Título Maribel en la maternidad --
-- Cristiano de papel --
-- El lápiz --
-- El plantón triple --
-- La bruja blasina --
-- El antojo --
-- Mediocridad --
-- Léxico refinado --
-- El boche --
-- Sueño simultáneo --
-- El regalo --
-- Tabaré --
-- El diablito.
505 0# - NOTA DE CONTENIDO CON FORMATO
Nota de contenido con formato El hombre que no conocía el amor --
Título Reina de las citas a ciegas --
-- El campamento--
-- Mi corazón también sabe alemán --
-- Neckley --
-- Doña Carmen y su marido --
-- Acoso --
-- El cuaderno Petete --
-- Yo soy el Ocho --
-- El calentamiento global --
-- La multa --
-- Las lunas de mi madre --
-- Ella me salvó --
-- La amonestación --
-- Las criadas --
-- La vendedora de cosméticos --
-- Son más de 500.
590 ## - NOTA LOCAL (RLIN)
Nota local Inventariado, 2021 /LP<br/><br/>
910 ## - DATOS DE OPCIÓN DEL USUARIO (OCLC)
Datos de opción del usuario Mfeliz
942 ## - ELEMENTOS DE PUNTO DE ACCESO ADICIONAL (KOHA)
Fuente del sistema de clasificación o colocación Dewey Decimal Classification
Tipo de ítem Koha Libro
Existencias
Estado de retiro Estado de pérdida Fuente del sistema de clasificación o colocación Restricciones de uso No para préstamo Código de colección Localización permanente Ubicación/localización actual Ubicación en estantería Fecha de adquisición Fuente de adquisición Total de préstamos Código de barras Fecha visto por última vez Precio válido a partir de Tipo de ítem Koha Número de copia
    Dewey Decimal Classification Préstamo en sala   Dominicana de Servicio Biblioteca Nacional Pedro Henríquez Ureña Dominicana Depósito 06.07.2021 Depósito Legal   2021-2422 06.07.2021 06.07.2021 Libro y Folleto Colección Dominicana de Servicio e.3
    Dewey Decimal Classification Excluido de préstamo   Patrimonio Dominicano Biblioteca Nacional Pedro Henríquez Ureña Patrimonio Dominicano Depósito 06.07.2021 Depósito Legal   2021-2420 06.07.2021 06.07.2021 Libro y Folleto Colección Patrimonio Dominicano  
    Dewey Decimal Classification Excluido de préstamo   Patrimonio Dominicano Biblioteca Nacional Pedro Henríquez Ureña Patrimonio Dominicano Depósito 06.07.2021 Depósito Legal   2021-2421 06.07.2021 06.07.2021 Libro y Folleto Colección Patrimonio Dominicano e.2

Con tecnología Koha